000 00267 a2200073 4500
245 0 _aVvedenie v teoriju proektirovanija asinchronnych impul'snych radiosistem /
_cRomanov I.M..
710 2 _aSovetskoe Radio.
_eWydawca
_4pbl
260 _aMoskva :
_bSovetskoe Radio,
_c1971.
300 _a192 s.;
_c24 cm.
999 _c13792
_d13792